Politický vývoj v novodobej Číne (vysokoškolská učebnica pre poslucháčov politológie)

Podrobná bibliografia
Hlavný autor: Čáky, Milan (Autor)
Médium: Kniha
Jazyk:slovenčina
Fyzický popis:189 s. 21 cm
Vydavateľské údaje: Trnava Univerzita sv. Cyrila a Metoda 2005
ISBN:808903487X
Vydanie:1. vyd.
Predmet:

MARC

LEADER 00000nam a2200000 a 4500
001 vtls008620815
003 SK-MaSNL
005 20260302004408.0
008 240314s2005 xo d p 000 0 slo
015 |a SNBA2006/05-02537 
020 |a 808903487X  |q (brož.) 
035 |a B2E4DDA1-1E45-440E-92FF-85C7CC084720 
035 |a urn:nbn:sk:snk-aml67v 
035 |a urn:nbn:sk:snk-am008uvm 
040 |a SNK  |b slo  |c SNK  |e AACR2 
041 0 |a slo  |b fre 
044 |a xo  |c SK 
072 7 |a 321  |x Politológia  |2 konspekt 
080 |a (510)  |2 MDT-MRF 
080 |a 342.5  |2 MDT-MRF 
080 |a 328/329  |2 MDT-MRF 
080 |a (075.8)  |2 MDT-MRF 
080 |a 321+342.5  |2 MDT-MRF 
100 1 |a Čáky, Milan  |4 aut  |9 335537 
245 1 0 |a Politický vývoj v novodobej Číne  |b (vysokoškolská učebnica pre poslucháčov politológie)  |c Milan Čáky 
250 |a 1. vyd. 
260 |a Trnava  |b Univerzita sv. Cyrila a Metoda  |c 2005 
300 |a 189 s.  |c 21 cm 
504 |a Bibliogr. s. 187-189 
506 |a 150 výtl. 
546 |a Res. franc. 
650 0 7 |a štátny režim  |z Čína  |2 SNKPH  |9 644356 
650 0 7 |a politický systém  |z Čína  |2 SNKPH  |9 644357 
651 7 |a Čína  |2 SNKPH  |9 21369 
655 7 |a učebnice vysokých škôl  |2 SNKPH  |9 70191 
919 |a 80-89034-87-X 
958 |a OND 
968 |d 32 
999 |c 995697  |d 997627 
952 |a SNK  |b SNK  |y PREZ  |7 0  |p 17A0496403  |o snkSC 122535  |i snk2006/2452  |8 0  |0 0  |1 0  |4 0  |d 2006-02-07  |f 1  |l 0  |r 2025-06-03 00:00:00  |w 2026-02-24 
952 |a SNK  |b SNK  |y VYP  |7 0  |p 17A0496402  |o snkSC 122535 D1  |i snk2006/2453  |8 0  |0 0  |1 0  |4 0  |d 2006-02-07  |l 0  |r 2026-02-24 12:02:54  |w 2026-02-24